Historia política de la ciudad de México (desde su fundación hasta el año 2000) /
Salvato in:
| Altri autori: | |
|---|---|
| Natura: | Elettronico eBook |
| Lingua: | spagnolo |
| Pubblicazione: |
México, D.F. :
El Colegio de México,
2013.
|
| Edizione: | Primera edición electrónica. |
| Soggetti: | |
| Accesso online: | Digitalia Hispánica |
| Tags: |
Aggiungi Tag
Nessun Tag, puoi essere il primo ad aggiungerne!!
|
MARC
| LEADER | 00000nam a2200000Ii 4500 | ||
|---|---|---|---|
| 001 | DIGCOLMX0217 | ||
| 003 | NyNyDIG | ||
| 007 | cr ||||||||||| | ||
| 008 | 220121s2013 mx a ob 000 0 spa d | ||
| 006 | m o d | ||
| 035 | |a (OCoLC)1319854380 | ||
| 040 | |a DGITA |b eng |e rda |e pn |c DGITA | ||
| 020 | |a 9786074625479 |q eBook | ||
| 020 | |z 9786074624076 | ||
| 043 | |a n-mx--- | ||
| 050 | 1 | 4 | |a F1386.3 ebook |
| 082 | 1 | 4 | |a 972.53 |
| 245 | 0 | 0 | |a Historia política de la ciudad de México (desde su fundación hasta el año 2000) / |c Ariel Rodríguez Kuri (coordinador). |
| 250 | |a Primera edición electrónica. | ||
| 264 | 1 | |a México, D.F. : |b El Colegio de México, |c 2013. | |
| 300 | |a 1 online resource : |b illustrations. | ||
| 336 | |a text |b txt |2 rdacontent | ||
| 337 | |a computer |b c |2 rdamedia | ||
| 338 | |a online resource |b cr |2 rdacarrier | ||
| 347 | |a text file |2 rdaft | ||
| 347 | |b EPUB | ||
| 500 | |a "Centro de Estudios Históricos." | ||
| 504 | |a Includes bibliographical references. | ||
| 588 | 0 | |a Online resource; title from ePub title page (Digitalia, viewed January 21, 2021) | |
| 651 | 0 | |a Mexico City (Mexico) |x History. | |
| 651 | 0 | |a Mexico City (Mexico) |x Politics and government. | |
| 655 | 0 | |a Electronic books. | |
| 700 | 1 | |a Rodríguez Kuri, Ariel, |e editor. | |
| 791 | 2 | |a Digitalia (Firm), |e distributor. | |
| 793 | 0 | |g Digitalia eBook Collection: |a El Colegio de México | |
| 776 | 0 | 8 | |i Print version: |t Historia política de la ciudad de México (desde su fundación hasta el año 2000). |b Primera edición. |d México, D.F. : El Colegio de México, 2012 |z 9786074624076 |
| 856 | 4 | 0 | |3 Digitalia Hispánica |u https://digitalia.unach.elogim.com/a/105577/ |
| 910 | |a Premium collection: 2022 | ||